Statistics for Colorado Geography Triplets

Click here to take the quiz!

General Stats

  • This quiz has been taken 7 times
  • The average score is 23 of 36

Answer Stats

HintAnswer% Correct
States that meet Colorado at the Four CornersArizona
100%
All of Colorado's surface water ultimately flows into one of these three riversColorado
100%
Cities whose names start with FortFort {Collins}
100%
Two-digit interstate highways that pass through ColoradoI-{70}
100%
States that meet Colorado at the Four CornersNew Mexico
100%
States that meet Colorado at the Four CornersUtah
100%
Cities whose names end in Park{Estes} Park
86%
Two-digit interstate highways that pass through ColoradoI-{25}
86%
Highest of the "Collegiate Peaks"Mount {Harvard}
86%
Highest of the "Collegiate Peaks"Mount {Princeton}
86%
Highest of the "Collegiate Peaks"Mount {Yale}
86%
All of Colorado's surface water ultimately flows into one of these three riversRio Grande
86%
Cities whose names start with FortFort {Morgan}
71%
Reservoirs of the Colorado-Big Thompson Project in Grand County{Grand} Lake
71%
Two-digit interstate highways that pass through ColoradoI-{76}
71%
All of Colorado's surface water ultimately flows into one of these three riversMississippi
71%
High altitude grassland basins in the central mountains{North} Park
71%
High altitude grassland basins in the central mountains{South} Park
71%
Cities whose names end in Park{Winter} Park
71%
Counties adjacent to DenverAdams
57%
Counties adjacent to DenverArapahoe
57%
Cities whose names start with FortFort {Lupton}
57%
Counties adjacent to DenverJefferson
57%
Towns along the lower San Miguel (hint: all start with N)Naturita
57%
Reservoirs of the Wayne N. Aspinall Storage Unit on the Gunnison River{Blue} {Mesa} Reservoir
43%
County seats along the lower Arkansas (hint: all start with L)La Junta
43%
County seats along the lower Arkansas (hint: all start with L)Las Animas
43%
High altitude grassland basins in the central mountains{Middle} Park
43%
Towns along the lower San Miguel (hint: all start with N)Norwood
43%
Towns along the lower San Miguel (hint: all start with N)Nucla
43%
Cities whose names end in Park{Woodland} Park
43%
Reservoirs of the Wayne N. Aspinall Storage Unit on the Gunnison River{Crystal} Reservoir
29%
Reservoirs of the Colorado-Big Thompson Project in Grand CountyLake {Granby}
29%
County seats along the lower Arkansas (hint: all start with L)Lamar
29%
Reservoirs of the Wayne N. Aspinall Storage Unit on the Gunnison River{Morrow} {Point} Reservoir
29%
Reservoirs of the Colorado-Big Thompson Project in Grand County{Shadow} {Mountain} Lake
29%

Score Distribution

Percentile by Number Answered

Percent of People with Each Score

Your Score History

You have not taken this quiz